000 00747cam a2200253 a 4500
001 000019171
005 20200929165935.0
008 920822s1992 tr b 000 0 eng
010 _a92203831
020 _z0976631018
035 _a(DLC) 92203831
040 _aDO-SdBNP
_cDLC
_dDLC
_dBNPHU
043 _acc-----
082 _a819.8
_bR738m
100 1 _aRohlehr, Gordon,
_d1942-
_941271
245 1 0 _aMy strangled city and other essays /
_cGordon Rohlehr.
260 _aPort-of-Spain :
_bLongman Trinidad,
_c1992.
300 _a341 p. ;
_c21 cm.
504 _aIncludes bibliographical references.
650 4 _aEnsayo caribeño
_941272
650 4 _aLiteratura caribeña
_941273
910 _aCatalogación derivada / LC
049 _aBNGR
999 _c18689
_d18689